[Event "Moscow-ch Final (Women)"]
[Site "Moscow"]
[Date "2021.04.01"]
[Round "8"]
[White "Panina, Sofya"]
[Black "Kuznetsova, Veronika"]
[Result "0-1"]
[WhiteElo "1341"]
[BlackElo "1343"]
[PlyCount "74"]
[EventDate "2021.03.25"]
[EventType "swiss"]
[EventRounds "9"]
[EventCountry "RUS"]
[SourceTitle "CBM 202 Extra"]
[Source "ChessBase"]
[SourceDate "2021.07.31"]
[SourceVersion "1"]
[SourceVersionDate "2021.07.31"]
[SourceQuality "1"]

1. d4 d5 2. c4 e6 3. Nc3 Nf6 4. Bg5 Be7 5. e3 h6 6. Bh4 0-0 7. Nf3 a6 8. Be2 dxc4 9. Bxc4 b5 10. Be2 Bb7 11. 0-0 Nbd7 12. Qc2 c5 13. Rad1 Qb6 14. Ne5 Rfe8 15. dxc5 Nxc5 16. Bf3 Bxf3 17. Nxf3 Red8 18. Rxd8+ Rxd8 19. Rd1 Rxd1+ 20. Qxd1 Qc7 21. Bg3 Qc8 22. h3 Nce4 23. Nxe4 Nxe4 24. Bh2 Nf6 25. Nd4 Qc4 26. a3 Nd5 27. g4 Bf6 28. Bd6 Nb6 29. Bb4 Qd5 30. f4 Nc4 31. Qe2 Bxd4 32. exd4 Qxd4+ 33. Kg2 Qxb2 34. Qxb2 Nxb2 35. Kf3 f6 36. Ke4 Kf7 37. Kd4 Na4 0-1

[Event "Moscow-ch Final (Women)"]
[Site "Moscow"]
[Date "2021.03.26"]
[Round "2"]
[White "Kuznetsova, Veronika"]
[Black "Gerasimova, Maria V"]
[Result "1-0"]
[WhiteElo "1343"]
[BlackElo "1166"]
[PlyCount "113"]
[EventDate "2021.03.25"]
[EventType "swiss"]
[EventRounds "9"]
[EventCountry "RUS"]
[SourceTitle "CBM 202 Extra"]
[Source "ChessBase"]
[SourceDate "2021.07.31"]
[SourceVersion "1"]
[SourceVersionDate "2021.07.31"]
[SourceQuality "1"]

1. e4 c6 2. d4 d5 3. exd5 cxd5 4. Bd3 Nc6 5. c3 Qc7 6. h3 e6 7. Nf3 Bd6 8. 0-0 Nge7 9. Be3 f6 10. Bc2 Bd7 11. Nbd2 0-0 12. Re1 e5 13. dxe5 fxe5 14. Bb3 Kh8 15. Nf1 e4 16. Nd4 Ne5 17. Ba4 Bxa4 18. Qxa4 Nd3 19. Ne6 Qc6 20. Qxc6 bxc6 21. Nxf8 Nxe1 22. Rxe1 Rxf8 23. Bc1 Bc5 24. Be3 Bxe3 25. Nxe3 Ng6 26. Nc2 Nf4 27. Ne3 Nd3 28. Re2 Rb8 29. b3 Rb6 30. Rd2 Ra6 31. f3 h6 32. c4 d4 33. fxe4 Nc1 34. Nf5 c5 35. e5 g6 36. Nxh6 Nxa2 37. Ng4 Nc1 38. Rb2 Rb6 39. Rb1 Nxb3 40. e6 Kg7 41. Re1 Kf8 42. Nf6 Rb7 43. Nd5 Rb8 44. e7+ Kf7 45. Nc7 d3 46. e8Q+ Rxe8 47. Nxe8 d2 48. Nd6+ Kf6 49. Ne4+ Kf5 50. Nxd2 Nxd2 51. Kf2 a5 52. Ke2 Nb3 53. Kd3 a4 54. Kc3 Kf4 55. Re2 g5 56. Ra2 Kg3 57. Rxa4 1-0